Turks - Sudden Death - Statistics

General Stats
  • This quiz has been taken 250 times
  • The average score is 12 of 18
Answers on the Grid
Answers color-coded by a green-red scale on the quiz's grid according to % correct below.
Mustafa Kemal Atatürk
Recep Tayyip Erdoğan
Nancy Ajram
Omar Sharif
Tarkan
Saddam Hussein
Arda Turan
Sertab Erener
Haluk Bilginer
Orhan Pamuk
Hosni Mubarak
Riyad Mahrez
Barış Manço
Aziz Sancar
Sabiha Gökçen
Fairuz
Cem Yılmaz
Muammar Gaddafi
Fatih Terim
Amr Diab
Naim Süleymanoğlu
Yasser Arafat
Tugay Kerimoğlu
Nâzım Hikmet
Bashar al-Assad
Sezen Aksu
Beren Saat
Mohamed Salah
Kahlil Gibran
Mustafa Sandal
 
Answer Stats
Answer % Correct
Mustafa Kemal Atatürk
94%
Recep Tayyip Erdoğan
88%
Sabiha Gökçen
79%
Naim Süleymanoğlu
78%
Cem Yılmaz
75%
Tugay Kerimoğlu
75%
Arda Turan
69%
Nâzım Hikmet
65%
Barış Manço
63%
Haluk Bilginer
63%
Orhan Pamuk
62%
Sertab Erener
61%
Fatih Terim
57%
Sezen Aksu
57%
Tarkan
56%
Mustafa Sandal
50%
Aziz Sancar
48%
Beren Saat
42%
No matching quizzes found
Score Distribution
Percent of People with Each Score
Percentile by Number Answered
Your Score History
You have not taken this quiz